| 000 | 00644nam a2200229 a 4500 | ||
|---|---|---|---|
| 001 | 73340 | ||
| 003 | BD-RjUL | ||
| 005 | 20211209082402.0 | ||
| 008 | 170530s1979 ii a|||| |||| 001 0 eng d | ||
| 035 | _a(BD-RjUL)73558 | ||
| 040 |
_aBD-RjUL _beng _cBD-RjUL |
||
| 041 | _aeng | ||
| 082 |
_223 _a630 _bHUA 1979 |
||
| 100 | 1 | 0 |
_aHusain, Majid _9216930 |
| 245 | 1 | 0 |
_aAgricultural geography / _cMajid Husain |
| 260 |
_aNew Delhi : _bIndial Publication, _c1979. |
||
| 300 |
_avi, 232 p. : _bill. ; _c23 cm. |
||
| 500 | _aIncludes indesx | ||
| 650 |
_a Agricultural geography. _9117252 |
||
| 650 |
_aGéographie agricole. _9159872 |
||
| 942 |
_2ddc _cBK |
||
| 999 |
_c73340 _d73340 |
||